Priestorová variabilita koncentrácií minerálných látok v pôdnom profile

Bibliographic Details
Main Authors: Slaboň, S. (Author), Novák, Viliam, 1942- (Author)
Format: Article
Language:Slovak
PhysicalDescription:Tb. 1.
Subjects:

MARC

LEADER 00000nab a2200000 a 4500
001 vtls000145970
003 SK-MaSNL
005 20260303025416.0
008 111031c1982 xo 0 slo
015 |a SNBRA19rr/mm-uuuuu 
035 |a CL0156077 
040 |a SNKBUCL  |b slo  |c SNKBUCL  |e AACR2 
041 0 |a slo 
044 |a xo  |c SK 
080 |a 631.413(!3  |2 1981 
100 1 |a Slaboň, S.  |4 aut  |9 1009810 
245 1 0 |a Priestorová variabilita koncentrácií minerálných látok v pôdnom profile  |c S. Slaboň, V. Novák 
300 |b Tb. 1. 
650 0 7 |a poľnohospodárska pôda  |2 snkbucl  |9 31794 
650 0 7 |a látky minerálne  |2 snkbucl  |9 958144 
655 7 |a články zo zborníkov  |2 snkbucl  |9 166140 
700 1 |a Novák, Viliam,  |d 1942-  |4 aut  |9 39314 
773 0 |t Fyzika vody v pôde  |d Bratislava : Ústav hydrológie a hydrauliky SAV, 1982  |g S. 22-23 
850 |a Slovenská národná knižnica v Martine  |a MTA001 
852 |a SNK  |b KIS3GCP 
958 |a RK 
992 |a RZB 
999 |c 1646113  |d 1648043